书目信息 |
| 题名: |
横式简算法
|
|
| 作者: | 冯引旺, 编著 | |
| 分册: | ||
| 出版信息: | 太原 山西经济出版社 2022.01 |
|
| 页数: | 170页 | |
| 开本: | 24cm | |
| 丛书名: | ||
| 单 册: | ||
| 中图分类: | O121.4 | |
| 科图分类: | ||
| 主题词: | 速算--su suan--普及读物 | |
| 电子资源: | ||
| ISBN: | 978-7-5577-0914-3 | |
| 000 | 01303nam0 2200241 450 | |
| 001 | 26252 | |
| 005 | 20220920083727.31 | |
| 010 | @a978-7-5577-0914-3@dCNY49.80 | |
| 100 | @a20211221d2022 em y0chiy50 ea | |
| 101 | 0 | @achi |
| 102 | @aCN@b140000 | |
| 105 | @ay z 000yy | |
| 200 | 1 | @a横式简算法@Aheng shi jian suan fa@f冯引旺编著 |
| 210 | @a太原@c山西经济出版社@d2022.01 | |
| 215 | @a170页@d24cm | |
| 314 | @a冯引旺, 1963年出生于岚县王狮村。1984年中专毕业后参加工作。从1987年开始, 一直在吕梁市广播电视部门高山台站从事广播电视信号传输、发射的技术和管理工作。作者勤奋好学, 刻苦钻研业务技术, 是业内的技术骨干和领军人物。多次主持完成了台站重要设备的技术升级改造任务。任吕梁市4648台台长, 无线电工程师, 吕梁市一、二、三届政协委员。曾获得“全国广播电视系统先进工作者”称号。作者自幼喜爱数学, 特别对数的计算情有独钟。多年来利用业余时间, 通过对加、减、乘、除、乘方、开方的算理算法进行学习研究和反复实践, 总结出了一套系统的横式计算方法, 并编著成《横式简算法》一书, 与广大读者分享。 | |
| 330 | @a本书共分12章, 内容包括: 加法 ; 减法 ; 连加、连减及加减混合运算 ; 乘法 ; 除法 ; 平方 ; 立方 ; 开平方等。 | |
| 606 | 0 | @a速算@Asu suan@j普及读物 |
| 690 | @aO121.4@v5 | |
| 701 | 0 | @a冯引旺,@Afeng yin wang@f1963-@4编著 |
| 801 | 0 | @aCN@c20220910 |
| 905 | @a河南城建学院图书馆@dO121.4@eF530@f2 | |
| 906 | @aRTYY | |
| 横式简算法/冯引旺编著.-太原:山西经济出版社,2022.01 |
| 170页;24cm |
| ISBN 978-7-5577-0914-3:CNY49.80 |
| 本书共分12章, 内容包括: 加法 ; 减法 ; 连加、连减及加减混合运算 ; 乘法 ; 除法 ; 平方 ; 立方 ; 开平方等。 |
| ● |
| 相关链接 |
|
|
|
正题名:横式简算法
索取号:O121.4/F530
 
预约/预借
| 序号 | 登录号 | 条形码 | 馆藏地/架位号 | 状态 | 备注 |
| 1 | 1577165 | 215771653 | 自科库401/401自科库 105排8列6层/ [索取号:O121.4/F530] | 在馆 | |
| 2 | 1577166 | 215771662 | 自科库401/401自科库 105排8列6层/ [索取号:O121.4/F530] | 在馆 |